000 00992nac a22002777a 4500
001 BR7902029
003 BR-BrBNA
005 20240105114413.0
008 230509b bl.|||m| |||| 00| 0 por d
040 _aBR-BrBNA
_bpor
_cBiblioteca Nacional de Agricultura
072 _aF00
090 _a1112 BR7902029
110 1 _aEmpresa Brasileira de Assistencia Tecnica e Extensao Rural, Brasilia, DF;
_93797
110 1 _aEmpresa Brasileira de Pesquisa Agropecuaria, Brasilia, DF
_93834
245 1 _aSistemas de producao para banana [Musa spp., Ceara, Brasil]
_bRegioes de Baturite e Uruburetama
260 3 _aFortaleza, CE (Brasil):
_bEmpresa de Assistencia Tecnica e Extensao Rural do Ceara,
_c1978.
300 _a32 p.
490 _aSistemas de Producao. Boletim (Brazil)
_vno. 94
_x
650 _aBANANA
650 _aPRATICA CULTURAL
650 _aBATURITE
650 _aURUBURETAMA
650 _aCEARA
909 _a202312
_bLúcia Elande
_c55
_dLúcia Elande
942 _2AGRIS
_n0
_cMS
999 _c269162
_d269162